URSS : el país y sus pobladores /

Đã lưu trong:
Chi tiết về thư mục
Tác giả của công ty: Unión Soviética
Định dạng: Sách
Ngôn ngữ:Tiếng Tây Ban Nha
Được phát hành: Moscú, Rusia : Agencia de Prensa Nóvosti, 1982
Các nhãn: Thêm thẻ
Không có thẻ, Là người đầu tiên thẻ bản ghi này!

MARC

LEADER 00000nam^a2200000^a^4500
001 000442318
005 20250526000000.0
009 20260310123423.395
037 |a Acervo ITESO - Biblioteca 
041 |a ESP 
091 |a FHM. 10579 
110 |a Unión Soviética 
245 1 0 |a URSS :  |b el país y sus pobladores / 
264 1 |a Moscú, Rusia :  |b Agencia de Prensa Nóvosti,  |c 1982 
300 |a 180 p. ;  |c 16.5 cm. 
336 |a texto  |b txt  |2 rdacontenido 
337 |a sin mediación  |b n  |2 rdamedio 
338 |a volumen  |b nc  |2 rdasoporte 
649 |a XX 
910 |a Fondo Hugo B. Margáin 
920 |a Impresos - Libros 
930 |a Libros Antiguos y Raros 
905 |a 126 
901 |a 0500313019  |b IT2  |c LRA  |i D119768  |u 20250526 
902 |a https://opac.biblio.iteso.mx/vufind/Record/000442318